000
00311nam a2200133 4500
005
20260530115312.0
100
1
_a
/
245
1
0
_a
Big Book of Packaging
264
1
_b
Harper Design
_c
2011
300
_a
384 páginas
336
_a
texto
_2
rdacontent
337
_a
sin medio
_2
rdamedia
338
_a
volumen
_2
rdacarrier
999
_c
13413
_d
13413